000 00966nam a2200253Ia 4500
003 OSt
005 20220923211005.0
006 a|||||r|||| 00| 0
007 ta
008 220922b |||||||| |||| 00| 0 hin d
020 _a8170165407 (hbk)
_c225
024 _a238,969
037 _bB287/08, 29/01/2009, Bharat Pustak Bhandar
_cTextual
040 _aARTS
_cARTS
_bhin
041 _2hin
_ahin
082 _aO152,6xN, P2
100 _aश्रोत्रिय, प्रभाकर, संपा.
_9156904
245 0 _aइक्कीसवीं शती का भविष्य
246 _aIkkīsavīan shatī kā bhaviṣhya
260 _aनयी दिल्ली
_b किताबघर प्रकाशन
_c2002
300 _a216पृ.
_ccm.
942 _hO152,6xN, P2
_cTEXL
_2CC
999 _c293599
_d293599